| 000 | 01339cam a22002773a 4500 | ||
|---|---|---|---|
| 001 | 2148 | ||
| 003 | PGUSA | ||
| 005 | 20140828083011.0 | ||
| 008 | 000401s2000||||xxu|||||s|||||000 1 eng d | ||
| 040 |
_aPGUSA _beng |
||
| 042 | _adc | ||
| 050 | 4 | _aPS | |
| 100 | 1 |
_aPoe, Edgar Allan, _d1809-1849 |
|
| 245 | 1 | 4 |
_aThe Works of Edgar Allan Poe — Volume 2 _h[electronic resource] / _cEdgar Allan Poe |
| 260 |
_bProject Gutenberg, _c2000 |
||
| 505 | 0 | _aThe purloined letter -- The thousand-and-second tale of Scheherezade -- A descent into the Maelström -- Von Kempelen and his discovery -- Mesmeric revelation -- The facts in the case of M. Valdemar -- The black cat -- The fall of the House of Usher -- Silence: a fable -- The masque of the Red Death -- The cask of Amontillado -- The imp of the perverse -- The island of the Fay -- The assignation -- The pit and the pendulum -- The premature burial -- The domain of Arnheim -- Landor's cottage -- William Wilson -- The tell-tale heart -- Berenice -- Eleonora. | |
| 506 | _aPublic domain in the USA. | ||
| 516 | _aElectronic text | ||
| 653 | _aFantasy fiction | ||
| 653 | _aHorror tales, American | ||
| 653 | _aAmerican fiction -- 19th century | ||
| 653 | _aShort stories | ||
| 830 | 0 |
_aProject Gutenberg _v2148 |
|
| 856 | 4 | 0 | _uhttp://www.gutenberg.org/ebooks/2148 |
| 942 | _cEB | ||
| 999 |
_c231486 _d231486 |
||